00537 a2200181 4500008004100000010001400041020002300055035001300078037001800091082000800109100001700117245004800134260004200182270008100224300002400305500002000329710000600349080822t xxu||||| |||| 00| 0 eng d aENG-85104 a8188689866c445.00 aEN-68637 bD.B.Act / Pub a658 aDawson, Tony aIntroduction to managementcby Tony Dawson aNew DelhibOverseas Press Indiac2007 a7/28, Ansari Road, Darya GanjbNew Delhie110 002moverseas@de13.vsnl.nic.in a448p.b24cm. (Pbk) aincludes index b.